000 00421nam a2200193Ia 4500
001 12797
003 GE_BSU
008 181216s||||||||xx |||||||||||||| ||und||
040 _cGE_BSU
080 _a821.111-32
100 _aRoche De La Mazo.
245 _aWhiteoak Heritage.
260 _aLondon.
260 _bPan Books LTD.
260 _c1966
300 _a255p;18cm.
653 _aWhiteoak Heritage.
942 _cBK
999 _c45968
_d45968